000
00361nam a2200121Ia 4500
008
200619s9999 xx 000 0 und d
100
_a
Nimgade, Namdeo
245
0
_a
In the Tiger’s Shadow? The Autobiography of an Ambedkarite
264
_a
New Delhi
_b
Navayana
_c
2010
300
_a
289
942
_c
IR
999
_c
120479
_d
120479